| 000 | 00445cam a2200193 4500 | ||
|---|---|---|---|
| 001 | D13433 | ||
| 008 | 090401t1902 xxu||||| |||| 00| 0 eng d | ||
| 035 | _a(Sirsi) u9750 | ||
| 041 | _aeng | ||
| 100 | _aMiddleton, R.E. | ||
| 245 | 2 | _aA treatise on surveying.Part II | |
| 260 |
_bE & F N Spon Ltd _c1902 |
||
| 350 | _a0 | ||
| 520 | _aShelf 132 | ||
| 700 | _aChadwick, O. | ||
| 700 | _aBogle, J.du T. | ||
| 942 | _n0 | ||
| 948 | _c04/03/1997 | ||
| 999 |
_c86661 _d86661 |
||